Discursos historiales panegíricos de las glorias de la sereníssima reina de los ángeles en su sagrada casa de Loreto

Detalles Bibliográficos
Autor principal: TURSELLINO, Horacio
Formato: Libro
Publicado: Madrid 1671
Materias:
Colección:Banco de datos
Acervo:Biblioteca Nacional de Antropología e Historia. Fondo Conventual
Tema general:Homilética
Notas:Regular. XXIII,17. Ex libris manuscrito del Convento de religiosos del Carmen de México.
LEADER 00775nam a22001930004500
035 |a 1132 
036 |a 494 
100 1 |a TURSELLINO, Horacio 
245 1 0 |a Discursos historiales panegíricos de las glorias de la sereníssima reina de los ángeles en su sagrada casa de Loreto 
260 |a Madrid  |b José Fernández de Buendía.  |c 1671 
500 |a Regular. XXIII,17. Ex libris manuscrito del Convento de religiosos del Carmen de México. 
650 1 0 |a Homilética 
949 |a B.N.A.H. 
959 |a Biblioteca Nacional de Antropología e Historia. Ciudad de México  |b CCC1 
960 |a Convento de Santa Ana de Coyoacán  |b DD6 
961 |a Carmelita  |b OCM 
942 |c B.N.A.H. 
943 |g Biblioteca Nacional de Antropología e Historia. Fondo Conventual 
999 |c 1025664  |d 1025664